000 00509nmm a2200169Ia 4500
008 251105s9999||||xx |||||||||||||||||und||
020 _a9786071679604
041 _aspa
100 _aHurst, Elise
245 0 _aImagina un lugar
264 _a[México D.C., Mexico] :
_bFondo de Cultura Económica,
_c2025
300 _a36 páginas
490 _aLos Especiales de A la Orilla del Viento
650 _aTeen & Young Adult Fiction
856 _uhttps://public.digitaliapublishing.com/a/180523
942 _cCF
999 _c75687
_d75687